| 000 | 00553nam a2200217Ia 4500 | ||
|---|---|---|---|
| 003 | OSt | ||
| 005 | 20220928141021.0 | ||
| 006 | a|||||r|||| 00| 0 | ||
| 007 | ta | ||
| 008 | 220927b |||||||| |||| 00| 0 eng d | ||
| 024 | _a12807 | ||
| 037 | _cTextual | ||
| 040 |
_aSDCL _cSDCL _beng |
||
| 041 |
_2eng _aeng |
||
| 082 | _aO-,3N032x, J7 | ||
| 100 |
_aNathanael West _9498458 |
||
| 245 | 0 | _aDay of the locust and his other novels. | |
| 260 | _c1957 | ||
| 942 |
_hO-,3N032x, J7 _cTEXL _2CC |
||
| 999 |
_c815216 _d815216 |
||